LIBRARY & INFORMATION CENTRE, KCAET, TAVANUR

ONLINE PUBLIC ACCESS CATALOGUE (OPAC)

Food microbiology (Record no. 14050)

MARC details
000 -LEADER
fixed length control field 00325nam a22001457a 4500
020 ## - INTERNATIONAL STANDARD BOOK NUMBER
ISBN 8186535373
082 ## - DEWEY DECIMAL CLASSIFICATION NUMBER
Classification number 664.001579
Item number ADA/FO
100 ## - MAIN ENTRY--AUTHOR NAME
Personal name Adams, M.R
245 ## - TITLE STATEMENT
Title Food microbiology
250 ## - EDITION STATEMENT
Edition statement 2
260 ## - PUBLICATION, DISTRIBUTION, ETC. (IMPRINT)
Place of publication New Delhi
Name of publisher Panima Publishing Corporation
Year of publication 2004
300 ## - PHYSICAL DESCRIPTION
Number of Pages 479p
700 ## - ADDED ENTRY--PERSONAL NAME
Personal name Moss, M.O
942 ## - ADDED ENTRY ELEMENTS (KOHA)
Koha item type Books
Holdings
Withdrawn status Lost status Damaged status Collection code Home library Current library Shelving location Date acquired Full call number Accession Number Koha item type
        KAUAET KAUAET General Stacks 30/03/2013 664.001579 ADA/FO 23802 Books
free website counter